000 00330 a2200157 4500
001 181662
020 _a
040 _cMagnum
100 _aSiguemoto, Regina
240 1 0 _aO colibri e a sucuri
_lpor
245 1 0 _aO colibri e a sucuri
362 0 _a1899
440 1 _aScipione
697 _aMAGNITO: I/ANIMAIS
942 _cBK
999 _c181662
_d181662